|
|
|
|
| LEADER |
00000cas a2200000 a 4500 |
| 001 |
vtls001324143 |
| 003 |
SK-MaSNL |
| 005 |
20260228163948.0 |
| 008 |
180126c19221923rb ar 0 0b0slo c |
| 035 |
|
|
|a SNK000276847
|
| 040 |
|
|
|a SNK
|b slo
|c SNK
|e AACR2
|
| 041 |
0 |
|
|a slo
|
| 043 |
|
|
|a e-rb---
|
| 072 |
|
7 |
|a 2
|x Náboženstvo
|2 konspekt
|
| 080 |
|
|
|a 274
|2 2011
|
| 080 |
|
|
|a 050
|2 2011
|
| 080 |
|
|
|a (497.11)
|2 2011
|
| 080 |
|
|
|a 2‑732.3
|2 2011
|
| 245 |
0 |
0 |
|a Zápisnica seniorálneho konventu slovenského ev. a.v. seniorátu sriemskeho...
|
| 260 |
|
|
|a [S.l.
|b s.n.]
|c [1922-1923]
|e Petrovec
|f Kníhtlačiareň. úč. spoločnosť
|
| 300 |
|
|
|a 2 zv.
|c cm
|
| 362 |
0 |
|
|a (7. marca roku 1922)-(28. júna 1923)
|
| 610 |
2 |
7 |
|a Evanjelická cirkev a.v.
|2 SNKKA
|9 32425
|
| 650 |
0 |
7 |
|a seniorálne konventy
|2 SNKPH
|9 56956
|
| 651 |
|
7 |
|a Srbsko
|2 SNKPHgeo
|9 31535
|
| 655 |
|
7 |
|a zápisnice korporácií a inštitúcií
|2 SNKPH
|9 267683
|
| 910 |
|
|
|a snk
|
| 999 |
|
|
|c 11620
|d 13550
|
| 952 |
|
|
|0 0
|1 0
|4 0
|7 0
|8 4
|a SNK
|b SNK
|d 1998-03-11
|g 0.50
|i snkK 752/98
|l 0
|o snkČSC 1143/1922
|p 17A0125141
|r 2005-01-02 00:00:00
|w 2026-02-21
|y PREZ
|
| 952 |
|
|
|0 0
|1 0
|4 0
|7 0
|8 3
|a SNK
|b SNK
|d 1998-03-11
|g 0.50
|i snkK 753/98
|l 0
|o snkČSC 1143/1923
|p 17A0125142
|r 2005-01-02 00:00:00
|w 2026-02-21
|y PREZ
|